[Event "EU-chT"]
[Site "Haifa"]
[Date "1989.??.??"]
[Round "3"]
[White "Polugaevsky, Lev"]
[Black "Makropoulos, Georgios"]
[Result "0-1"]
[WhiteElo "2595"]
[BlackElo "2455"]

1.e4 c5 2.c3 Nf6 3.e5 Nd5 4.d4 cxd4 5.Nf3 e6 6.cxd4 d6 7.a3 Bd7 8.Bd3 Bc6
9.O-O Nd7 10.Nbd2 dxe5 11.dxe5 Nc5 12.Be4 Nxe4 13.Nxe4 Nf4 14.Bxf4 Bxe4 15.Nd4 Be7
16.Qa4+ Qd7 17.Qxd7+ Kxd7 18.Rfd1 Bd5 19.Nb5 Kc8 20.Rac1+ Bc6 21.Nd4 Rd8
22.Rd2 Kc7 23.Nxc6 bxc6 24.Rdc2 c5 25.Be3 Kb7 26.Bxc5 Rac8 27.g3 Bxc5 28.Rxc5 Rxc5
29.Rxc5 Rd2 30.Rb5+ Kc6 31.Rb8 Rd7 32.Rh8 f6 33.Rxh7 fxe5 34.h4 a5 35.h5 a4
36.g4 e4 37.g5 Rd1+ 38.Kg2 Rd2 39.Kg3 Rd3+ 40.Kg2 Rd2 41.Kf1 Rd1+ 42.Ke2 Rh1
43.h6 gxh6 44.Rxh6  0-1

[Event "HUN-ch"]
[Site "?"]
[Date "1989.??.??"]
[Round "?"]
[White "Palkovi, Jozsef"]
[Black "Schneider, Attila"]
[Result "0-1"]
[WhiteElo "2425"]
[BlackElo "2390"]

1.e4 c5 2.c3 Nf6 3.e5 Nd5 4.d4 cxd4 5.cxd4 Qc7 6.Nf3 b6 7.Bd2 e6 8.Nc3 Nxc3
9.Bxc3 Be7 10.Rc1 Bb7 11.Bd3 Bd5 12.Nd2 Qb7 13.Qg4 g6 14.Ne4 Nc6 15.a3 O-O-O
16.Qe2 Kb8 17.O-O b5 18.b4 a6 19.f3 Kc7 20.a4 Rb8 21.Bd2 Kd8 22.Nd6 Bxd6
23.exd6 f6 24.Qf2 Ke8 25.axb5 axb5 26.Rc5 Qa6 27.Bc3 Nd8 28.Ra1 Qxd6 29.Rxb5 Rxb5
30.Bxb5 Kf7 31.Bd3 Nb7 32.b5 Rc8 33.Qd2 Bc4 34.Be4 Qb6 35.Qh6 Kg8 36.Bxg6 hxg6
37.Qxg6+ Kh8 38.Qh6+ Kg8 39.Qg6+ Kh8 40.Qxf6+ Kg8 41.Kh1 Bd5 42.Bd2 Nd6 43.Qg6+ Kh8
44.Qf6+ Kg8 45.Bh6 Ne8 46.Qf8+ Kh7 47.Be3 Qd6 48.Qh6+ Kg8 49.Ra7 Ng7 50.Bf4 Qb4
51.h3 Rc2 52.Qg6 Qb1+ 53.Kh2 Bxf3 54.Bd2 Rxd2 55.Qxb1 Rxg2+ 56.Kh1 Rb2+ 57.Kg1 Rxb1+
58.Kf2 Bd5  0-1

[Event "JUG-ch"]
[Site "?"]
[Date "1989.??.??"]
[Round "?"]
[White "Strikovic, Aleksa"]
[Black "Kozul, Zdenko"]
[Result "0-1"]
[WhiteElo "2490"]
[BlackElo "2490"]

1.e4 c5 2.c3 Nf6 3.e5 Nd5 4.d4 cxd4 5.Nf3 Nc6 6.Bc4 e6 7.cxd4 d6 8.O-O Be7
9.Bd2 O-O 10.Nc3 dxe5 11.dxe5 Nb6 12.Be2 a6 13.Qc2 Qc7 14.Qe4 Rd8 15.Rfd1 Nd7
16.Bf4 b5 17.Bd3 g6 18.Qe3 Nc5 19.Be2 Bb7 20.Rac1 Rxd1+ 21.Nxd1 Nb4 22.Nc3 Rd8
23.Nd4 Qd7 24.Nf3 Ncd3 25.Rf1 Bc5 26.Qd2 Bxf3 27.Bxf3 Nxf4 28.Qxf4 Nd3 29.Qg5 Be7
30.Qg3 Qd4 31.Rd1 Bh4 32.Rxd3 Qxd3 33.Qxh4 Rd4 34.Qg5 b4 35.Be2 Qd2  0-1

[Event "JUG-ch"]
[Site "?"]
[Date "1989.??.??"]
[Round "?"]
[White "Barlov, Dragan"]
[Black "Kozul, Zdenko"]
[Result "1/2-1/2"]
[WhiteElo "2490"]
[BlackElo "2490"]

1.e4 c5 2.c3 Nf6 3.e5 Nd5 4.d4 cxd4 5.Qxd4 e6 6.Nf3 Nc6 7.Qe4 f5 8.exf6 Nxf6
9.Qh4 d5 10.Bd3 Bd6 11.Bg6+ Ke7 12.Bc2 h6 13.Bg6 e5 14.O-O e4 15.Nd4 Ne5
16.Bf5 g5 17.Qh3 Bc5 18.Be3 Bxd4 19.Bxd4 Ng6 20.Bxc8 Qxc8 21.Qxc8 Rhxc8 22.f3 exf3
23.Nd2 Rc6 24.Rae1+ Re6 25.Rxe6+ Kxe6 26.Rxf3 Nd7 27.Rh3 Nh4 28.Nf3 Nf5 29.g4 Nxd4
30.Rxh6+ Kf7 31.cxd4 Nf6 32.Nxg5+ Kg7 33.Rh3 Re8 34.Rb3 b6 35.Kf2 Nxg4+ 36.Kg3 Ne3
37.Nf3 Nc4 38.Rb5 Rd8 39.Kf4 Kf6 40.Rb3 Rf8 41.Rb5 Ke6+ 42.Kg3 Nd6 43.Rb3 Kf5
44.Kf2 Kf4 45.Nd2 Ne4+ 46.Ke2 Nxd2 47.Kxd2 Ke4 48.Re3+ Kxd4 49.h4 Rh8 50.Rh3 Rh5
51.Rh2 b5 52.a3 a5 53.Rh3 b4 54.a4 Kc4 55.b3+ Kd4 56.Rh1 Ke4 57.Rh2 Kd4 58.Rh3 Ke4
59.Ke2 Kd4 60.Kf3 Rh8 61.h5  1/2-1/2

[Event "Karvina op"]
[Site "Karvina"]
[Date "1989.??.??"]
[Round "11"]
[White "Votava, Jan"]
[Black "Firt, Stanislav"]
[Result "1-0"]
[WhiteElo "2340"]
[BlackElo "2355"]

1.e4 c5 2.c3 Nf6 3.e5 Nd5 4.d4 Nc6 5.dxc5 e6 6.c4 Nde7 7.Nf3 Ng6 8.Be3 Ngxe5
9.Nxe5 Nxe5 10.Nc3 b6 11.cxb6 axb6 12.Qd4 Nc6 13.Qd2 Be7 14.Be2 O-O 15.O-O f5
16.f4 Rf7 17.Bf3 Ba6 18.b3 Rc8 19.Qf2 Rb8 20.Rfd1 Qc7 21.Rac1 Bc5 22.Nb5 Bxb5
23.cxb5 Na7 24.Bxc5 bxc5 25.Rxc5 Qa5 26.a4 d5 27.Qd2 Qb6 28.Qd4 h6 29.b4 g5
30.g3 Rg7 31.Kh1 Kh7 32.Qe5 gxf4 33.gxf4 Rbg8 34.a5 Qd8 35.Qxe6 Qh4 36.Qxf5+ Kh8
37.Rcc1 Nxb5 38.Rc8 Nc3 39.Rxg8+ Kxg8 40.Qc8+  1-0

[Event "Kiev"]
[Site "Kiev"]
[Date "1989.??.??"]
[Round "?"]
[White "Machulsky, Anatoly D"]
[Black "Tsarev, V."]
[Result "1-0"]
[WhiteElo "2465"]
[BlackElo "2415"]

1.e4 c5 2.c3 Nf6 3.e5 Nd5 4.d4 cxd4 5.cxd4 d6 6.Nf3 Nc6 7.Bc4 Nb6 8.Bb5 dxe5
9.Nxe5 Bd7 10.Nxd7 Qxd7 11.Nc3 e6 12.Qg4 g6 13.O-O Bg7 14.d5 Nxd5 15.Rd1 Rd8
16.Nxd5 exd5 17.Bxc6 bxc6 18.Re1+ Kf8 19.Qb4+ Qd6 20.Qa5 Qd7 21.Qc5+ Kg8
22.Bg5 Re8 23.Rxe8+ Qxe8 24.Qxa7 h6 25.Be3 Kh7 26.a4 Bxb2 27.Rb1 Bf6 28.a5 Kg7
29.a6 Qe4 30.Rb7 Rf8 31.Qc5 Re8 32.a7 d4 33.Qc4  1-0

[Event "Las Palmas op"]
[Site "Las Palmas"]
[Date "1989.??.??"]
[Round "?"]
[White "Doncevic, Dario"]
[Black "Illescas Cordoba, Miguel"]
[Result "0-1"]
[WhiteElo "2360"]
[BlackElo "2525"]

1.e4 c5 2.c3 Nf6 3.e5 Nd5 4.d4 cxd4 5.Nf3 e6 6.cxd4 d6 7.a3 Bd7 8.Bd3 Bc6
9.O-O Nd7 10.Bd2 Be7 11.Nc3 Nxc3 12.Bxc3 dxe5 13.dxe5 Nc5 14.Be2 O-O 15.b4 Ne4
16.Bd4 a5 17.b5 Bd5 18.Qd3 Qd7 19.Qe3 Rfc8 20.Rfc1 h6 21.Bd3 Ng5 22.Nxg5 Bxg5
23.f4 Be7 24.a4 Rxc1+ 25.Rxc1 Rc8 26.Bb6 Bb4 27.Rxc8+ Qxc8 28.Be4 Bxe4 29.Qxe4 Qc1+
30.Kf2 Qd1 31.Qxb7 Be1+ 32.Ke3 Bd2+ 33.Kf2 Qe1+ 34.Kf3 Qf1+ 35.Kg3 Qxf4+
36.Kh3 g5 37.Qa8+ Kg7 38.Qf3  0-1

[Event "Lugano op"]
[Site "Lugano"]
[Date "1989.??.??"]
[Round "1"]
[White "Blauert, Joerg"]
[Black "Ernst, Thomas"]
[Result "1/2-1/2"]
[WhiteElo "2275"]
[BlackElo "2460"]

1.e4 c5 2.c3 Nf6 3.e5 Nd5 4.d4 cxd4 5.Nf3 Nc6 6.Bc4 Nb6 7.Bb3 d5 8.exd6 Qxd6
9.O-O Be6 10.Na3 dxc3 11.Nb5 Qxd1 12.Rxd1 Rc8 13.Bxe6 fxe6 14.bxc3 Nc4 15.Ng5 e5
16.Ne6 Kf7 17.Ng5+ Ke8 18.Ne6 h6 19.Nbc7+ Kf7 20.Rb1 b6 21.f4 exf4 22.Bxf4 g5
23.Bg3 Bg7 24.Nxg7 Kxg7 25.Rd7 Kg6 26.Re1 Rhf8 27.Re4 N4a5 28.Nd5 Kf5 29.Re1 Rf7
30.Bd6 Nc4 31.Nxe7+ Nxe7 32.Rexe7 Rxe7 33.Bxe7 Ne5 34.Rxa7 Rxc3 35.h3 g4
36.hxg4+ Nxg4 37.Kf1 Rc2 38.Ra3 b5 39.Rb3 Ke6 40.Bh4 Rxa2 41.Rxb5 Ne3+ 42.Kg1 Rxg2+
43.Kh1 Ra2 44.Kg1 Ng4 45.Bg3 Ra1+ 46.Kg2 Ne3+ 47.Kf3 Nf5 48.Rb6+ Ke7 49.Kg4 Rf1
50.Bf4 Nd4  1/2-1/2

[Event "Lugano op"]
[Site "Lugano"]
[Date "1989.??.??"]
[Round "1"]
[White "Antonio, Rogelio Jr"]
[Black "Kraehenbuehl, Gerhard"]
[Result "1-0"]
[WhiteElo "2410"]
[BlackElo "2250"]

1.e4 c5 2.c3 Nf6 3.e5 Nd5 4.Nf3 d6 5.d4 cxd4 6.cxd4 Nc6 7.Bc4 dxe5 8.Nxe5 e6
9.O-O Nb6 10.Bb5 Bd7 11.Nc3 Rc8 12.Be3 Bb4 13.Qg4 O-O 14.Nxd7 Nxd7 15.Rfd1 Nf6
16.Qf3 Bxc3 17.bxc3 Qd5 18.Qe2 Na5 19.Rac1 Nc4 20.Ba4 Rfd8 21.Bb3 h6 22.Re1 Qc6
23.Bf4 Rd5 24.Be5 Nd7 25.Bg3 a5 26.Bc2 Nd6 27.Bxd6 Rxd6 28.Be4 Qc7 29.Qb2 b6
30.g3 Nf6 31.Bf3 Nd5 32.c4 Nb4 33.Red1 Rcd8 34.a3 Nc6 35.c5 bxc5 36.dxc5 Rxd1+
37.Rxd1 Rb8 38.Qc3 a4 39.Be4 f5 40.Bc2 e5 41.Bxf5 Qf7 42.Be4 Nd4 43.Kg2 Rb3
44.Qa5 Qf8 45.c6 Rb2 46.Rd2 Rxd2 47.Qxd2  1-0

[Event "Lugano op"]
[Site "Lugano"]
[Date "1989.??.??"]
[Round "1"]
[White "Filipovic, Branko"]
[Black "De Eccher, Stefano"]
[Result "1/2-1/2"]
[WhiteElo "2450"]
[BlackElo "2270"]

1.e4 c5 2.c3 Nf6 3.e5 Nd5 4.d4 cxd4 5.Nf3 e6 6.cxd4 b6 7.Nc3 Nxc3 8.bxc3 Qc7
9.Bd2 d6 10.Bd3 Bb7 11.O-O Nd7 12.Re1 dxe5 13.dxe5 Be7 14.Bg5 Rd8 15.Bxe7 Kxe7
16.Re3 Bxf3 17.Qxf3 Qxc3 18.Rae1 Nxe5 19.Rxe5 Qxd3 20.Qg4 Kf8 21.R5e3 Qd4
22.Re4 Qd5 23.Qf3 h5 24.h3 Kg8 25.Qa3 Rd7 26.Re5 Qd6 27.Qf3 g6 28.a4 Kg7
29.a5 Rhd8 30.axb6 Qxb6 31.Qc3 Qd4 32.Qg3 Rd5 33.R5e4 Qd3 34.R1e3 Qb1+ 35.Kh2 Qb8
36.Qxb8 Rxb8 37.Ra4 a5 38.Ra2 Kf6 39.Rea3 Rbb5 40.g3 Ke7 41.h4 Kd6 42.Kh3 Kc6
43.Kg2 Kb6 44.Kf3 Rb4 45.Kg2 Rbb5 46.Re2 Rd7 47.Kf3 Ra7 48.Kf4 a4 49.Re4 Rf5+
50.Ke3 Kb5 51.Ke2 Rc5 52.Ra2 a3 53.Re3 Kb4 54.Kd2 e5 55.f3 f5 56.Rd3 Raa5
57.Re3 f4 58.gxf4 exf4 59.Rd3 Rd5 60.Rxa3 Rxd3+ 61.Rxd3 Kc4 62.Rd6 Rd5+ 63.Rxd5 Kxd5
64.Kd3 Ke5 65.Ke2 Kf6 66.Kf2 Ke6 67.Ke2 Ke5 68.Ke1 Kd5 69.Kd1 Kc5 70.Kc1 g5
71.hxg5 h4 72.g6 h3 73.g7 h2 74.g8=Q h1=Q+ 75.Kd2 Qxf3 76.Qf8+ Kd4 77.Qg7+  1/2-1/2

[Event "Lugano op"]
[Site "Lugano"]
[Date "1989.??.??"]
[Round "1"]
[White "Van Mil, Johannes A J"]
[Black "Del Rio, Roland"]
[Result "1/2-1/2"]
[WhiteElo "2370"]
[BlackElo "2215"]

1.e4 c5 2.c3 Nf6 3.e5 Nd5 4.d4 cxd4 5.Nf3 Nc6 6.Bc4 Nb6 7.Bb3 d5 8.exd6 Qxd6
9.O-O Bf5 10.Nxd4 Nxd4 11.cxd4 e6 12.Nc3 Be7 13.Qf3 Qd7 14.d5 O-O 15.dxe6 Bxe6
16.Rd1 Qc8 17.Bxe6 fxe6 18.Qe2 Qc4 19.Re1 Bb4 20.Qxe6+ Qxe6 21.Rxe6 Nc4 22.Re4 Rae8
23.Kf1 b5 24.a4 Rxe4 25.Nxe4 bxa4 26.Rxa4 a5 27.b3 Rc8 28.Bf4 Nb6 29.Ra2 Nd5
30.Bd2 Bxd2 31.Rxd2 Rc1+ 32.Ke2 Nc3+ 33.Nxc3 Rxc3 34.Rb2 Kf7 35.Kd2 Rc7 36.Ra2 Rc5
37.Ra4 Ke6 38.Kd3 Kd6 39.Rd4+ Ke6 40.Re4+ Kf6 41.Rc4 Rb5 42.Kc3 h6 43.h4 h5
44.Kb2 g5 45.hxg5+ Kxg5 46.Ka3 Rf5 47.f3 Rd5 48.Rc8 Kf4 49.Rf8+ Kg3 50.Rg8+ Kf4
51.Ka4 Rc5 52.Ra8 Kg3 53.Rg8+ Kf4 54.Rg7 Rd5 55.Ra7 Kg3 56.Rg7+ Kf4 57.Rg6 Rc5
58.Ra6 Kg3 59.Rxa5 Rxa5+ 60.Kxa5 h4 61.f4 Kxf4 62.b4 Kg3 63.b5 Kxg2 64.b6 h3
65.b7 h2 66.b8=Q h1=Q 67.Qa8+ Kg1 68.Qxh1+ Kxh1  1/2-1/2

[Event "Lugano op"]
[Site "Lugano"]
[Date "1989.??.??"]
[Round "4"]
[White "Vancini, Edoardo"]
[Black "Thiel, Thomas"]
[Result "1/2-1/2"]
[WhiteElo "2245"]
[BlackElo "2215"]

1.e4 c5 2.c3 Nf6 3.e5 Nd5 4.d4 cxd4 5.Nf3 Nc6 6.Bc4 Nb6 7.Bb3 d5 8.exd6 Qxd6
9.O-O Be6 10.Bxe6 Qxe6 11.Nxd4 Nxd4 12.Qxd4 Rd8 13.Qh4 h5 14.Be3 Qg4 15.Qxg4 hxg4
16.Na3 Rh5 17.Bxb6 axb6 18.Nc4 e6 19.a4 b5 20.axb5 Rxb5 21.Rfd1 Rc8 22.Rd4 Rb3
23.Ra2 f5 24.Ne5 Be7 25.g3 Rb6 26.Nc4 Rbc6 27.Ne5 Rd6 28.Rxd6 Bxd6 29.Nd3 Rd8
30.Ra7 Rd7 31.c4 e5 32.Ra8+ Kf7 33.Rc8 f4 34.b4 Kf6 35.h3 gxh3 36.Kh2 Be7
37.Nc5 Bxc5 38.Rxc5 Rd2 39.gxf4 Rxf2+ 40.Kxh3 Rxf4 41.Kg3 Ke6 42.b5 Rf7 43.Rc8 Kd7
44.Ra8 Kd6 45.Rd8+ Kc5 46.Rc8+ Kb4 47.b6 Rf6 48.c5 Kb5 49.Rc7 Ka6 50.Rxg7 Rc6
51.Rc7 Rf6  1/2-1/2

[Event "Lugano op"]
[Site "Lugano"]
[Date "1989.??.??"]
[Round "5"]
[White "Blauert, Joerg"]
[Black "Del Rio, Roland"]
[Result "1-0"]
[WhiteElo "2275"]
[BlackElo "2215"]

1.e4 c5 2.c3 Nf6 3.e5 Nd5 4.d4 cxd4 5.Nf3 Nc6 6.Bc4 Nb6 7.Bb3 d5 8.exd6 Qxd6
9.O-O Be6 10.Na3 Rc8 11.Nb5 Qd7 12.Bxe6 Qxe6 13.Nbxd4 Nxd4 14.Nxd4 Qc4 15.Be3 g6
16.b3 Qa6 17.Qg4 Bg7 18.Nf5 Bxc3 19.Nxe7 Kxe7 20.Rfe1 Kf8 21.Bh6+ Bg7 22.Qd4 Rg8
23.Qd6+  1-0

[Event "Lyngby op"]
[Site "Lyngby"]
[Date "1989.??.??"]
[Round "4"]
[White "Blauert, Joerg"]
[Black "Vanheste, Jeroen"]
[Result "1-0"]
[WhiteElo "2275"]
[BlackElo "2410"]

1.e4 c5 2.c3 Nf6 3.e5 Nd5 4.d4 cxd4 5.Nf3 e6 6.cxd4 b6 7.Nc3 Nxc3 8.bxc3 Qc7
9.Bd2 d6 10.Bd3 Nd7 11.O-O dxe5 12.Nxe5 Nxe5 13.Bf4 Bd6 14.dxe5 Bc5 15.Qg4 Bb7
16.Bb5+ Bc6 17.Bxc6+ Qxc6 18.Rad1 Kf8 19.Rd3 h5 20.Qh4 Be7 21.Bg5 Bxg5 22.Qxg5 Kg8
23.Rg3 g6 24.Rd1 Kh7 25.Rf3 Rhf8 26.Rd4 Qb5 27.h3 Qe8 28.Rh4 Rg8 29.g4 Rg7
30.Kh2 Qc6 31.Rg3 Qc5 32.Qf6 Rf8 33.gxh5 g5 34.Rhg4 Rfg8 35.h4  1-0

[Event "Marianske Lazne op"]
[Site "Marianske Lazne"]
[Date "1989.??.??"]
[Round "7"]
[White "Okhotnik, Vladimir"]
[Black "Petkevich, Jusefs"]
[Result "1-0"]
[WhiteElo "2400"]
[BlackElo "2440"]

1.e4 c5 2.c3 Nf6 3.e5 Nd5 4.d4 e6 5.Nf3 cxd4 6.cxd4 d6 7.Bc4 dxe5 8.dxe5 Nc6
9.O-O Be7 10.Qe2 O-O 11.Qe4 f5 12.exf6 Bxf6 13.Na3 Qe7 14.h4 Bd7 15.Ng5 g6
16.Re1 Bd4 17.Re2 Nf6 18.Bxe6+ Kg7 19.Qd3 Rae8 20.Be3 Be5 21.Bxd7 Nxd7 22.Rd1 Nf6
23.Qc4 Bb8 24.Bc5 Qxc5 25.Qxc5 Rxe2 26.Qc4 Rfe8 27.Qf7+ Kh6 28.Kf1  1-0

[Event "SVK-ch"]
[Site "Michalovce"]
[Date "1989.??.??"]
[Round "4"]
[White "Klemanic, Emil"]
[Black "Certek, Pavel"]
[Result "1/2-1/2"]
[WhiteElo "2225"]
[BlackElo "2330"]

1.e4 c5 2.c3 Nf6 3.e5 Nd5 4.d4 cxd4 5.Nf3 Nc6 6.Bc4 Nb6 7.Bb3 d6 8.exd6 Qxd6
9.O-O Be6 10.Na3 Bxb3 11.Qxb3 Qd5 12.Nb5 Qxb3 13.axb3 Rc8 14.Nfxd4 Nxd4 15.Nxd4 a6
16.b4 e6 17.b5 axb5 18.Nxb5 Be7 19.Ra7 Rc5 20.c4 Nxc4 21.Rxb7 O-O 22.Nc3 Re8
23.Rd1 Bf8 24.Kf1 Nd6 25.Ra7 Rec8 26.Be3 Rc4 27.Rd7 Nf5 28.Bc1 e5 29.f3 Nd4
30.Rb7 f6 31.Be3 Nf5 32.Bf2 Bb4 33.Nd5 Bc5 34.g4 Bxf2 35.Kxf2 Rc2+ 36.Ke1 Nh4
37.Ne7+ Kh8 38.Nxc8 Nxf3+ 39.Kf1  1/2-1/2

[Event "SVK-ch"]
[Site "Michalovce"]
[Date "1989.??.??"]
[Round "7"]
[White "Salai, Ladislav"]
[Black "Certek, Pavel"]
[Result "1/2-1/2"]
[WhiteElo "2350"]
[BlackElo "2330"]

1.e4 c5 2.c3 Nf6 3.e5 Nd5 4.d4 cxd4 5.Nf3 Nc6 6.Bc4 Nb6 7.Bb3 d5 8.exd6 Qxd6
9.Na3 a6 10.O-O e6 11.Nxd4 Nxd4 12.cxd4 Be7 13.Qf3 O-O 14.Bf4 Qxd4 15.Be3 Qd8
16.Rfd1 Nd5 17.Bxd5 exd5 18.Nc4 Be6 19.Nb6 Rb8 20.Nxd5 Bxd5 21.Rxd5 Qc8 22.Bd4 Qc6
23.Re1 Rfe8 24.Rf1 Bf8 25.Bc3 Re6 26.Rfd1 Rbe8 27.h3 b5 28.a3 Re2 29.Qg4 Qb6
30.Qd4 Qxd4 31.R1xd4 g6 32.Rd2 Re1+ 33.Kh2 Bg7  1/2-1/2

[Event "SVK-ch"]
[Site "Michalovce"]
[Date "1989.??.??"]
[Round "12"]
[White "Klemanic, Emil"]
[Black "Priehoda, Vitezslav"]
[Result "0-1"]
[WhiteElo "2225"]
[BlackElo "2365"]

1.e4 c5 2.c3 Nf6 3.e5 Nd5 4.d4 cxd4 5.Nf3 e6 6.cxd4 b6 7.Nc3 Nxc3 8.bxc3 Qc7
9.Bd2 d6 10.exd6 Bxd6 11.Bd3 Nd7 12.O-O Bb7 13.Qe2 O-O 14.h4 Rac8 15.Rfe1 Bd5
16.Ng5 Nf6 17.Rac1 Bc4 18.Rc2 Bxd3 19.Qxd3 Qc4 20.Qf3 Rfd8 21.h5 Qd5 22.h6 Qxf3
23.Nxf3 Rc4 24.Bg5 Rdc8 25.Nd2 Rxd4 26.Bxf6 gxf6 27.Ne4 Be7 28.cxd4 Rxc2
29.d5 f5 30.Ng3 Bc5 31.Rd1 Bxf2+ 32.Kh2 Rc4 33.Nxf5 exf5 34.g3 Kf8 35.d6 Rd4
36.Rf1 Rd2 37.Kh3 Be3 38.Rxf5 Rxd6  0-1

[Event "Montpellier-B"]
[Site "Montpellier"]
[Date "1989.??.??"]
[Round "?"]
[White "Strikovic, Aleksa"]
[Black "Rigo, Janos"]
[Result "1/2-1/2"]
[WhiteElo "2470"]
[BlackElo "2390"]

1.e4 c5 2.c3 Nf6 3.e5 Nd5 4.d4 cxd4 5.Nf3 e6 6.cxd4 Qc7 7.Bd3 b6 8.O-O Ba6
9.Bxa6 Nxa6 10.Bd2 Nab4 11.a3 Nc2 12.Ra2 Rc8 13.b3 b5 14.Qe2 b4 15.a4 Na3
16.Nxa3 bxa3 17.Raa1 Qb7 18.Rfb1 Bb4 19.Rc1 O-O 20.Rc4 Bxd2 21.Nxd2 Rxc4
22.Nxc4 Qxb3 23.Rxa3 Qb1+ 24.Qf1 Qe4 25.Qd1 Rb8 26.f3 Rb1 27.fxe4 Rxd1+ 28.Kf2 Rxd4
29.Rb3 h6 30.Rb8+ Kh7 31.exd5 Rxc4 32.Rb7 Rxa4 33.dxe6 dxe6 34.Rxf7 Ra5 35.Re7 Rxe5
36.Rxa7 Rf5+ 37.Ke3 Kg6 38.Rb7 Rh5 39.h3 Re5+ 40.Kf3 h5 41.g3 Ra5 42.Rb3 Ra2
43.Rb5 Ra3+ 44.Kf4 h4 45.gxh4 Rxh3 46.Kg4 Rh1 47.Ra5 Kf6 48.Rb5 Rg1+ 49.Kf3 e5
50.Rb8 Rf1+ 51.Kg4 Rf4+ 52.Kg3 Kf5 53.Rf8+ Ke4 54.Ra8 Rf1 55.Ra4+ Kf5 56.Ra8 Rg1+
57.Kf3 e4+ 58.Kf2 Rg6 59.h5 Rg5 60.Ra7  1/2-1/2

[Event "Moscow1"]
[Site "Moscow"]
[Date "1989.??.??"]
[Round "?"]
[White "Gola, Martin"]
[Black "Arkhipov, Sergey"]
[Result "1-0"]
[WhiteElo "2375"]
[BlackElo "2465"]

1.e4 c5 2.c3 Nf6 3.e5 Nd5 4.d4 cxd4 5.Nf3 Nc6 6.Bc4 Nb6 7.Bb3 d6 8.exd6 dxc3
9.Nxc3 exd6 10.Ng5 d5 11.O-O h6 12.Nxf7 Kxf7 13.Nxd5 Nxd5 14.Bxd5+ Kf6 15.b3 Bf5
16.g4 Bxg4 17.Bb2+ Kg5 18.f4+ Kh4 19.Qe1+ Kh5 20.Bf7+ g6 21.h3 Bc5+ 22.Kh1 Qd7
23.Bf6 Bf2 24.Qxf2  1-0

[Event "URS-ch sf"]
[Site "Moscow"]
[Date "1989.??.??"]
[Round "?"]
[White "Janovsky, Sergey"]
[Black "Yuferov, Sergey  N"]
[Result "0-1"]
[WhiteElo "2305"]
[BlackElo "2445"]

1.e4 c5 2.c3 Nf6 3.e5 Nd5 4.d4 cxd4 5.Nf3 e6 6.cxd4 b6 7.Nc3 Bb7 8.Bd3 Be7
9.O-O O-O 10.Re1 f5 11.exf6 Nxf6 12.Ne5 Nc6 13.Bb1 Qe8 14.a3 Rd8 15.Ba2 Nxe5
16.dxe5 Qg6 17.f3 Bxf3 18.Qxf3 Ng4 19.Qe4 Bc5+ 20.Be3 Nxe3 21.Qxe3 Bxe3+
22.Rxe3 Rf4  0-1

[Event "Novi Sad op"]
[Site "Novi Sad"]
[Date "1989.??.??"]
[Round "8"]
[White "Guzijan, Miodrag"]
[Black "Buljovcic, Ivan"]
[Result "1-0"]
[WhiteElo "2290"]
[BlackElo "2430"]

1.e4 c5 2.c3 Nf6 3.e5 Nd5 4.d4 cxd4 5.Nf3 Nc6 6.Bc4 Nb6 7.Bb3 d6 8.exd6 Qxd6
9.Na3 a6 10.O-O e6 11.Nxd4 Nxd4 12.cxd4 Bd7 13.Re1 Be7 14.d5 Nxd5 15.Nc4 Qc7
16.Ne5 Bc6 17.Qh5 O-O 18.Bd2 Bf6 19.Ng4 Bxb2 20.Rab1 g6 21.Qh4 Bg7 22.Bh6 Qd6
23.Qh3 Rac8 24.Rbd1 Rc7 25.Rd3 Rd7 26.Bxg7 Kxg7 27.Qh6+ Kg8 28.Ne5 Rc7 29.Rh3 f5
30.Nxg6 Rf6 31.Qg5 Rg7 32.Rxh7  1-0

[Event "Olomouc"]
[Site "Olomouc"]
[Date "1989.??.??"]
[Round "?"]
[White "Pokorny, Zdenek"]
[Black "Krason, Jozef"]
[Result "1-0"]
[WhiteElo "2305"]
[BlackElo "2370"]

1.e4 c5 2.c3 Nf6 3.e5 Nd5 4.d4 cxd4 5.Qxd4 e6 6.Bc4 Nc6 7.Qe4 Nde7 8.Bf4 Ng6
9.Bg3 b6 10.Nf3 Bb7 11.Nbd2 f5 12.exf6 gxf6 13.Qg4 Rc8 14.O-O-O Nce7 15.Rhe1 h5
16.Qd4 e5 17.Bd3 d6 18.Qa4+ Bc6 19.Qc2 Kf7 20.Nh4 Rg8 21.Nxg6 Nxg6 22.Bf5 Rc7
23.f4 h4 24.fxe5 hxg3 25.e6+ Ke7 26.Bxg6 Bh6 27.hxg3 Bxg2 28.Kb1 Qa8 29.Nb3 Bf3
30.Rd4 Rg7 31.Qd3 Bg5 32.Rxd6  1-0

[Event "Paris op-1"]
[Site "Paris"]
[Date "1989.??.??"]
[Round "?"]
[White "Fodre, Sandor"]
[Black "Ribaud Chevrey, P."]
[Result "1-0"]
[WhiteElo "2290"]
[BlackElo "2010"]

1.e4 c5 2.c3 Nf6 3.e5 Nd5 4.d4 Nc6 5.Nf3 cxd4 6.cxd4 d6 7.Bc4 Nb6 8.Bb5 Bd7
9.Nc3 dxe5 10.dxe5 a6 11.Be2 Bf5 12.Qb3 Be6 13.Qc2 g6 14.O-O Bg7 15.Rd1 Qc7
16.Be3 Nd7 17.Ng5 Bf5 18.Qb3 e6 19.g4 Na5 20.Qa4 b5 21.Nxb5 axb5 22.Bxb5 O-O
23.Rxd7 Qxe5 24.gxf5 Qxb2 25.Rad1 Nc6 26.Qh4 h6 27.Bxc6 hxg5 28.Bxg5 Rxa2
29.f6 Bh6 30.Rd8 Qa3 31.Bxh6 Ra1 32.Rxf8+ Qxf8 33.Rxa1  1-0

[Event "Paris op-1"]
[Site "Paris"]
[Date "1989.??.??"]
[Round "?"]
[White "Weeks, M."]
[Black "Gilbert, Christophe"]
[Result "1-0"]
[WhiteElo "2250"]
[BlackElo "1950"]

1.e4 c5 2.c3 Nf6 3.e5 Nd5 4.d4 cxd4 5.Nf3 d6 6.cxd4 Nc6 7.Be2 g6 8.O-O Bg7
9.exd6 Qxd6 10.Na3 O-O 11.Be3 Qb4 12.Nc4 e5 13.Bd2 Qe7 14.dxe5 Nxe5 15.Ncxe5 Bxe5
16.Nxe5 Qxe5 17.Bf3 Be6 18.Qb3 b6 19.Rfe1 Qd6 20.Rad1 Rfd8 21.Qa4 Rac8 22.Qd4 Qc5
23.Qe5 Qd6 24.Bg5 Qxe5 25.Rxe5 Rd7 26.Bxd5 Rc5 27.Rxe6 Rcxd5 28.Rxd5 Rxd5
29.Re8+ Kg7 30.h4 Rd1+ 31.Kh2  1-0

[Event "Podolsk GMA-qual"]
[Site "Podolsk"]
[Date "1989.??.??"]
[Round "?"]
[White "Rozentalis, Eduardas"]
[Black "Tunik, Gennady"]
[Result "1-0"]
[WhiteElo "2505"]
[BlackElo "2470"]

1.e4 c5 2.c3 Nf6 3.e5 Nd5 4.d4 cxd4 5.cxd4 d6 6.Bc4 Nb6 7.Bb5+ Bd7 8.e6 Bxb5
9.Qh5 Qc8 10.Qxb5+ Qc6 11.exf7+ Kd8 12.Nc3 Qxb5 13.Nxb5 N8d7 14.Ne2 Nf6 15.O-O Kd7
16.f4 Nbd5 17.f5 g6 18.Nbc3 Bg7 19.Bg5 Nxc3 20.bxc3 Ne4 21.Be3 Rhf8 22.fxg6 hxg6
23.c4 Rac8 24.Rab1 b6 25.c5 Bf6 26.cxb6 axb6 27.Rxb6 Rxf7 28.Rb7+ Ke8 29.Rc1 Rxc1+
30.Nxc1 Nc3 31.Rb3 Nd1 32.Ne2 Nxe3 33.Rxe3 Kd7 34.a4 Rf8 35.a5 Ra8 36.Ra3 Ra6
37.d5 e6 38.dxe6+ Kxe6 39.Ra4 Bd8 40.Nd4+ Kd5 41.Nb3 Ke5 42.Kf1 d5 43.Ke2 Be7
44.Kd3 g5 45.Ra2 Bb4 46.Re2+ Kd6 47.Rf2 Ke7 48.Nd4 Bc5 49.Re2+ Kf6 50.Nb3 Bb4
51.Rc2 g4 52.g3 Ke7 53.Ra2 Ra8 54.Ra4 Rb8 55.a6 Be1 56.a7 Ra8 57.Ra6 Bf2
58.Nd4 Bg1 59.Rh6 Kf7 60.Nb5 Kg7 61.Rh4 Kf6 62.Rh7 Ke5 63.Re7+ Kf6 64.Rb7 Ke5
65.Rb8 Rxa7 66.Re8+ Kf5 67.Rf8+ Ke5 68.Nxa7 Bxa7 69.Rf4 Bg1 70.Ke2 d4 71.Rxg4 Bxh2
72.Kf2 d3 73.Ke3 Kf5 74.Rg8 Bg1+ 75.Kxd3 Bc5 76.Ke2  1-0

[Event "Rubinstein mem"]
[Site "Polanica Zdroj"]
[Date "1989.??.??"]
[Round "3"]
[White "Sariego, Wilfredo"]
[Black "Kuczynski, Robert"]
[Result "0-1"]
[WhiteElo "2380"]
[BlackElo "2450"]

1.e4 c5 2.c3 Nf6 3.e5 Nd5 4.d4 cxd4 5.Nf3 d6 6.Bc4 Nb6 7.Bb3 dxe5 8.Nxe5 e6
9.cxd4 Nc6 10.Nxc6 bxc6 11.O-O Be7 12.Nc3 O-O 13.Ne4 a5 14.Bc2 Re8 15.Re1 Nd5
16.a3 Qb6 17.h4 Bd7 18.Qd3 f5 19.Ng5 Bf6 20.Nf3 c5 21.dxc5 Qxc5 22.Rb1 Bb5
23.Qd2 Rad8 24.Bb3 a4 25.Bxd5 Rxd5 26.Qe3 Qxe3 27.Bxe3 Bd3 28.Rbc1 Bxb2 29.Rc7 Bb5
30.Rb1 Bf6 31.Ra7 Re7 32.Ra8+ Kf7 33.Ng5+ Kg6 34.Rb8 Be2 35.R8b4 Rd1+ 36.Rxd1 Bxd1
37.Nh3 e5 38.g4 Bxg4 39.Ng5 Bxg5 40.Bxg5 Rd7 41.Rxa4 Bf3 42.Kh2 f4  0-1

[Event "Rubinstein mem"]
[Site "Polanica Zdroj"]
[Date "1989.??.??"]
[Round "7"]
[White "Nun, Jiri"]
[Black "Kuczynski, Robert"]
[Result "1/2-1/2"]
[WhiteElo "2475"]
[BlackElo "2450"]

1.e4 c5 2.c3 Nf6 3.e5 Nd5 4.d4 cxd4 5.Nf3 d6 6.cxd4 Nc6 7.Bc4 Nb6 8.Bb5 dxe5
9.Nxe5 Bd7 10.Bxc6 Bxc6 11.Nxc6 bxc6 12.O-O g6 13.Bg5 Bg7 14.Re1 O-O 15.Bxe7 Qxd4
16.Nc3 Qxd1 17.Raxd1 Rfe8 18.Bc5 Rxe1+ 19.Rxe1 Nc4 20.b3 Bxc3 21.Rc1 Rd8
22.g3 Rd3 23.bxc4 Bd4 24.Bxd4 Rxd4 25.Rc2 Kg7 26.Kf1 g5 27.Rc3 h5 28.Ra3  1/2-1/2

[Event "Rubinstein mem"]
[Site "Polanica Zdroj"]
[Date "1989.??.??"]
[Round "14"]
[White "Sariego, Wilfredo"]
[Black "Dvoirys, Semen I"]
[Result "0-1"]
[WhiteElo "2380"]
[BlackElo "2470"]

1.e4 c5 2.c3 Nf6 3.e5 Nd5 4.d4 cxd4 5.Nf3 Nc6 6.Bc4 Nb6 7.Bb3 d5 8.exd6 Qxd6
9.O-O Be6 10.Bxe6 Qxe6 11.Nxd4 Nxd4 12.Qxd4 Rd8 13.Qe3 Qc6 14.Nd2 e6 15.Qg3 f6
16.Nf3 Kf7 17.Re1 Bc5 18.Be3 Rhe8 19.Qh3 Bxe3 20.Rxe3 Nd5 21.Nd4 Qd7 22.Ree1 e5
23.Qxd7+ Rxd7 24.Nf3 Red8 25.Rad1 g5 26.h3 h5 27.g3 Nb6 28.Rxd7+ Rxd7 29.Re2 Rd1+
30.Kg2 Na4 31.Rc2 Ke6 32.g4 h4 33.b3 Nc5 34.Rd2 Ra1 35.c4 a5 36.Ng1 e4 37.f3 e3
38.Re2 Kd6 39.f4 gxf4 40.Nf3 Nd3 41.Nxh4 Ne1+ 42.Kh2 Rd1 43.Nf5+ Ke6 44.Nxe3 fxe3
45.Rxe3+ Kf7  0-1

[Event "Bohemians"]
[Site "Prague"]
[Date "1989.??.??"]
[Round "?"]
[White "Polasek, Jaroslav"]
[Black "Lanc, Alois"]
[Result "0-1"]
[WhiteElo "2395"]
[BlackElo "2410"]

1.e4 c5 2.c3 Nf6 3.e5 Nd5 4.d4 cxd4 5.Nf3 e6 6.cxd4 b6 7.Nc3 Nxc3 8.bxc3 Qc7
9.Be2 Qxc3+ 10.Bd2 Qa3 11.O-O Nc6 12.Bc1 Qa5 13.Ng5 Be7 14.Qd3 Bb7 15.Rd1 Nb4
16.Qb1 Rc8 17.a3 Nd5 18.Ne4 Nc3 19.Nxc3 Rxc3 20.Rd3 Rxd3 21.Qxd3 Qe1+ 22.Bf1 O-O
23.Bb2 Qa5 24.Rc1 Bc6 25.Be2 f6 26.exf6 Bxf6 27.Rf1 Be7 28.Qg3 Qg5 29.Qxg5 Bxg5
30.Bc1 Bxc1 31.Rxc1 Rf5 32.Rc3 Rd5 33.Rc4 b5 34.Rb4 a5 35.Rb1 Rxd4 36.Kf1 b4
37.axb4 Rxb4 38.Ra1 a4 39.Ke1 Kf7 40.g3 e5 41.Kd2 Rb2+ 42.Ke3 d5 43.Bd1 d4+
44.Kd3 Rxf2 45.Rc1 Bd5 46.Bxa4 Rxh2 47.Rf1+ Ke7  0-1